000 00209nam a2200097Ia 4500
008 220204s9999 xx 000 0 und d
082 _a82-3
_bBRA
100 _aBraun, Matthew
245 0 _aKincaids
942 _cBK
999 _c33467
_d33467